| 000 | 00514nam a22001817a 4500 | ||
|---|---|---|---|
| 003 | NUST | ||
| 005 | 20230302161940.0 | ||
| 020 | _qHardcover. | ||
| 038 | _aMr. Zahoor | ||
| 082 | _a658.5 | ||
| 100 |
_aShahid, Muhammad Zohaib _917556 |
||
| 245 |
_aTwo Dimensional Integration of Livestock Industry In Pakistan _cMuhammad Zohaib Shahid |
||
| 260 |
_aIslamabad : _bNBS - NUST, _c2014. |
||
| 300 |
_a34 p. ; _c30cm. |
||
| 650 |
_aHRM - MBA Thesis _917537 |
||
| 700 |
_aMr. Kamran khalid _917555 |
||
| 942 |
_2ddc _cTHE |
||
| 999 |
_c526538 _d526538 |
||